Planning developement and economic policy in India. (Record no. 1400)
[ view plain ]
| 000 -LEADER | |
|---|---|
| fixed length control field | 00507cam a2200181ua 4500 |
| 008 - FIXED-LENGTH DATA ELEMENTS--GENERAL INFORMATION | |
| fixed length control field | 110711n ii |||gr||||Z||||||eng |
| 040 ## - CATALOGING SOURCE | |
| Transcribing agency | MAIN |
| 082 ## - DEWEY DECIMAL CLASSIFICATION NUMBER | |
| Classification number | 338.954 |
| 100 1# - MAIN ENTRY--PERSONAL NAME | |
| Personal name | Mahajan, V S., |
| 245 1# - TITLE STATEMENT | |
| Title | Planning developement and economic policy in India. |
| Statement of responsibility, etc. | By V S Mahajan. |
| 250 ## - EDITION STATEMENT | |
| Edition statement | 2nd. |
| 260 ## - PUBLICATION, DISTRIBUTION, ETC. | |
| Place of publication, distribution, etc. | New Delhi: |
| Name of publisher, distributor, etc. | Kalyani publishers.,982. |
| 300 ## - PHYSICAL DESCRIPTION | |
| Extent | xii, 422 p.: |
| Dimensions | 23 cm. |
| 942 ## - ADDED ENTRY ELEMENTS (KOHA) | |
| Koha item type | Books |
| 653 ## - INDEX TERM--UNCONTROLLED | |
| Uncontrolled term | economics. |
| 653 ## - INDEX TERM--UNCONTROLLED | |
| Uncontrolled term | Planning developement and economic policy in India. |
| Withdrawn status | Lost status | Damaged status | Not for loan | Home library | Current library | Shelving location | Date acquired | Total Checkouts | Full call number | Barcode | Date last seen | Copy number | Price effective from | Koha item type |
|---|---|---|---|---|---|---|---|---|---|---|---|---|---|---|
| Naharkatiya College Library | Naharkatiya College Library | General Stacks | 19/09/2020 | 338.954 | MAH | 2314 | 19/09/2020 | 1 | 19/09/2020 | Books |
